Magnitnaja mikrostruktura fernitov

Guardado en:
Detalles Bibliográficos
Autores principales: Baškirov, Šamiľ Š. (Autor), Liberman, Aleksandr B. (Autor), Siňavskij, Valerij Ivanovič (Autor)
Formato: Libro
Lenguaje:ruso
Publicado: Kazaň : Izdateľstvo Kazaňskogo universiteta, 1978
Etiquetas: Agregar Etiqueta
Sin Etiquetas, Sea el primero en etiquetar este registro!

MARC

LEADER 00000nam a22000003a 4500
001 stu141992
005 20150617225927.4
008 070601s1978------------------------rus-d
040 |a STU  |b slo 
041 0 |a rus 
080 |a 621.318.1  |7 stu_us_auth*stu6899 
080 |a 539.24 
100 1 |a Baškirov, Šamiľ Š.  |4 aut 
245 1 |a Magnitnaja mikrostruktura fernitov 
260 |a Kazaň :  |b Izdateľstvo Kazaňskogo universiteta,  |c 1978 
300 |a 180 s 
700 1 |a Liberman, Aleksandr B.  |4 aut 
700 1 |a Siňavskij, Valerij Ivanovič  |4 aut 
996 |b E46929  |c E*46929  |l EE05  |s P  |a 0  |w stu141992_0001 
996 |b E46632  |c E*46632  |l EE05  |s P  |a 0  |w stu141992_0002